000 00425nam a2200145 a 4500
005 20140412111235.0
008 001111s19uu xx 00 eng d
020 _a0-590-34570-2
050 _aTR(GS 507
_bSt9 Bk.A
245 _aStudy science A /
_cedited by Mary Lee Johansen, Bill Johnson.
260 _aNew York :
_bScholastic Inc,
_c1987.
300 _a128 p.
650 _aScience -- Study and teaching
999 _c102388
_d102388